000 00689cam a22002411 4500
001 34694
005 20230410103521.0
008 771013s1984 dr a 000 0 spa
035 _9(DLC) 53022623
035 _a9787561
010 _a 53022623
035 _a(OCoLC)3337846
040 _aDLC
_cNmU
_dDLC
042 _apremarc
050 1 4 _a118 PQ 7409
_bH519p 1984
100 2 _aHenríquez Ureña, Pedro,
_d1884-1946.
245 1 0 _aPoesías juveniles /
_cPedro Henríquez Ureña.
260 _aSanto Domingo :
_bTaller,
_c1984.
300 _a72 p.
_billus.
_c18 cm.
440 0 _aColección de E. Rodríguez Demorizi.
942 _2lcc
_cbk
985 _eOCLC REPLACEMENT cdsdistr
999 _c20375
_d20375